| 000 | 00781cam a22002415a 4500 | ||
|---|---|---|---|
| 003 | OSt | ||
| 005 | 20160908134630.0 | ||
| 008 | 130620s20142222moua frf 001 0 eng|d | ||
| 020 | _a9781574393514 | ||
| 020 | _a1574393510 | ||
| 040 |
_aStDuBDS _beng _cStDuBDS _dIeDuTC _dEG-ScBUE |
||
| 082 | 0 | 4 |
_a615.1 _222 _bDRU |
| 245 | 0 | 0 | _aDrug facts and comparisons 2014. |
| 260 |
_aSt. Louis : _bWolters Kluwer Health, _c2014. |
||
| 300 |
_a(Various pagings) : _bill. ; _c28 cm. + _eCD-ROM (4 3/4 in.) |
||
| 500 | _aIncludes index. | ||
| 650 | 7 |
_aDrugs _vHandbooks, manuals, etc. _2BUEsh _932488 |
|
| 650 | 0 |
_aPharmacology _vHandbooks, manuals, etc. _2BUEsh |
|
| 651 | _2BUEsh | ||
| 653 |
_bPPhrm _cSeptember2016 |
||
| 710 | 2 |
_aFacts and Comparisons (Firm), _eissuing body. |
|
| 942 | _2ddc | ||
| 999 |
_c22352 _d22324 |
||